20 Random missing Countries by Capital Cities (Hard Version) - Statistics

General Stats
  • This quiz has been taken 60,360 times
    60,318 since last reset
  • The average score is 13 of 20
Answers on the Map
Answers color-coded by a green-red scale on the quiz's map according to % correct below.
 
Answer Stats
City % Correct
Washington D.C.
100%
Mexico City
99%
Ottawa
98%
Brasilia
97%
Moscow
97%
Paris
97%
Beijing
96%
Buenos Aires
95%
Cairo
95%
Berlin
94%
Bogota
94%
Algiers
93%
Kiev
93%
Warsaw
93%
Panama City
92%
Madrid
91%
Prague
91%
Bern
90%
New Delhi
90%
Pretoria/Cape Town/ Bloemfontein
90%
Stockholm
90%
Caracas
89%
Kabul
89%
La Paz/Sucre
89%
Lima
89%
Tripoli
89%
Ulaanbaatar
89%
London
88%
Minsk
88%
Vienna
88%
Ankara
87%
Rome
87%
Astana
86%
Kinshasa
86%
Riyadh
86%
Tehran
86%
Budapest
85%
Nairobi
84%
Islamabad
84%
Jakarta
84%
Addis Ababa
83%
Bucharest
83%
Helsinki
83%
Quito
83%
Asunciòn
82%
Canberra
82%
Guatemala City
82%
Khartoum
81%
Baghdad
80%
Bratislava
80%
Sofia
79%
Kathmandu
78%
Luanda
78%
Abuja
77%
Montevideo
77%
Santiago
77%
Belgrade
76%
Brussels
76%
Dakar
76%
Oslo
76%
Zagreb
76%
San José
75%
Windhoek
75%
Accra
74%
Lisbon
74%
Rabat
74%
Bangkok
72%
Brazzaville
72%
Harare
72%
Georgetown
71%
Juba
71%
Managua
71%
Sanaa
71%
Sarajevo
71%
Athens
70%
N'Djamena
70%
Tokyo
70%
Biškek
69%
Copenhagen
69%
Chișinău
68%
Ouagadougou
68%
Yaoundé
68%
Kampala
67%
Maputo
67%
Niamey
67%
Bamako
66%
Dodoma
65%
Gaborone
65%
Lusaka
65%
Tashkent
65%
Bangui
64%
Ashgabat
63%
Dhaka
63%
Muscat
63%
Tunis
63%
Conakry
62%
Damascus
62%
Dublin
62%
Naypyidaw
61%
Nouakchott
61%
Riga
61%
Seoul
61%
Vilnius
61%
Amman
60%
Pyongyang
60%
Skopje
60%
Vientiane
60%
Wellington
60%
Ljubljana
59%
Paramaribo
59%
Yamoussoukro
59%
Amsterdam/The Hauge
58%
Lomé
58%
Manila
58%
Hanoi
57%
Havana
57%
Tegucigalpa
56%
Port-au-Prince
55%
Dushanbe
54%
Freetown
54%
Porto-Novo
54%
Thimphu
54%
Baku
53%
Libreville
53%
Mogadishu
53%
Phnom Penh
53%
Kuala Lumpur
52%
Port Moresby
52%
Asmara
51%
Colombo/Sri Jayawardenapura Kotte
51%
Monrovia
51%
Pristina
51%
Reykjavik
51%
Taipei
51%
Santo Domingo
50%
Yerevan
50%
Tallinn
49%
Tbilisi
49%
Bissau
47%
Lilongwe
47%
Abu Dhabi
46%
Antananarivo
45%
Kigali
45%
Kingston
45%
Podgorica
45%
Maseru
44%
Nassau
44%
São Tomé
44%
Tirana
44%
Victoria
43%
San Salvador
42%
Malé
41%
Jerusalem/Tel Aviv
40%
Port Louis
39%
Suva
39%
Praia
38%
Moroni
37%
Palikir
37%
Valletta
35%
Belmopan
34%
Kuwait City
34%
Gitega
33%
Malabo
33%
Mbabane/Lobamba
33%
Honiara
32%
Nicosia
32%
Tarawa
31%
Doha
30%
Apia
29%
Ngerulmud
28%
Djibouti
26%
Funafuti
26%
Port Vila
26%
Yaren
26%
Majuro
25%
Nuku'alofa
24%
Beirut
23%
Banjul
19%
No matching quizzes found
Score Distribution
Percent of People with Each Score
Percentile by Number Answered
Your Score History
You have not taken this quiz since the last reset